{"text_format":"1","workbook":"xlsx","n_sheets":1,"sheets":["Invoice"],"not_rendered":{"charts":0,"images":4,"macros":1,"external_links":0,"defined_names":2,"comments":0,"pivot_tables":0},"unopened":[],"bounds":{"document_bytes":16777216,"sheet_cells":100000,"rows_first":2000,"rows_last":500,"rows_between":2000,"halvings":0,"cell_chars":16384,"cell_head_chars":4096},"cells_cut":0,"cells_raw":0,"read":"whole","date_system":"1900"}

{"sheet":"Invoice","index":0,"n_rows":83,"n_cols":9,"rows_kept":83,"cut":false,"hidden":false,"merged":[[80,6,80,7],[81,6,81,7],[82,6,82,7],[0,0,0,1],[1,0,1,1],[8,0,10,1],[5,4,5,5],[7,4,10,8]]}
[]
[]
[]
[]
[]
["Expeditor ",null,null,null,"Ship-To Address :",null,null,"Date: ","2024-11-16"]
[]
["YAZAKI MOROCCO S.A",null,null,null,"Yazaki Morocco Meknes SA\nICE : 000190588000071\nILot UL2 Zone Agropolis\n50000 Mekness"]
["Nippon Express Lot n°38 / Extension TAC2- \n(lot 38-A) Free Zone Automotive City 90060 TANGER"]
[]
[]
[]
[" INVOICE N°:","9087136204-9087136205"]
["TU :",6500031034]
["INCOTERM :","EXW"]
["PART NUMBER","QTY","UNIT OF MEASURE","DESIGNATION","ORIGIN","NET WEIGHT","WEIGHT TOTAL","PRICE/UNIT"," VALUE"]
["21302130",750,"M","Textile Sleeve 13mm B","FR",2.3600000000000003E-2,17.700000000000003,0.33545333333333333,251.58999999999997]
["45022R0333000115",2400,"PC","Textile Sleeve 16mm B","MA",3.6800000000000001E-3,8.8320000000000007,2.9700000000000001E-2,71.28]
["4502580453000085",77,"PC","Corrugated Tube 14.5/18.3mm B L85","MA",2.1249999999999997E-3,0.16362499999999996,0.01,0.77]
["45033E0223000075",2000,"PC","Textile Sleeve 54mm B","MA",3.0870000000000003E-3,6.1740000000000004,6.3369999999999996E-2,126.74]
["4505690293000395",1000,"PC","Textile Sleeve 18mm B L395","ES",3.898E-3,3.8980000000000001,0.14112,141.12]
["7035274330",82,"PC","Single Panel Grommet","SI",2.7000000000000003E-2,2.2140000000000004,0.1652439024390244,13.55]
["7039247330",334,"PC","Shrink Tube 17mm L:50mm  B","DE",2.7000000000000001E-3,0.90180000000000005,7.6856287425149702E-2,25.67]
["7047024830",6300,"PC","Cable Tie 150mm","GB",1.1999999999999999E-3,7.56,1.223968253968254E-2,77.11]
["7047109630",1000,"PC","Clamp","DE",1.3999999999999998E-3,1.3999999999999997,1.116E-2,11.16]
["70472698",3317,"PC","Tape Clip","DE",1E-4,0.33169999999999999,9.9005125113053975E-3,32.840000000000003]
["7052189030",885,"PC","CLIP","DE",2.7999999999999995E-3,2.4779999999999998,9.2858757062146899E-2,82.18]
["7090412640",9450,"PC","Soft/Foam Tape 130x3mm GY","PT",8.8999999999999999E-3,84.105000000000004,2.4379894179894179E-2,230.39]
["7118161830",399,"PC","Connector 26p MQS Black","DE",8.199999999999999E-3,3.2717999999999994,7.6491228070175443E-2,30.52]
["71181666",504,"PC","MALE CONNECTOR 4 WAYS NATURAL W=13.3,H=2","DE",1.5280000000000001E-3,0.77011200000000002,6.8313492063492062E-2,34.43]
["71186036",302,"PC","Connector 12p MQS Natural","DE",4.4999999999999997E-3,1.359,0.15480132450331127,46.75]
["7118658130",2021,"PC","Connector 6p MPQ+MQS Black","BE",2.2000000000000001E-3,4.4462000000000002,3.1598218703612076E-2,63.86]
["7119108940",845,"PC","Socket housing 21p Gray","CZ",3.2000000000000002E-3,2.7040000000000002,3.0319526627218936E-2,25.62]
["7119112590",5316,"PC","Socket housing 2p Blue","CH",4.4000000000000003E-3,23.3904,1.2219714070729871E-2,64.959999999999994]
["7119151630",1220,"PC","Socket housing 3p Black","DE",5.0000000000000001E-3,6.1000000000000005,1.8680327868852459E-2,22.79]
["7119151930",295,"PC","Squib Connector Housing 2p Black","CH",1.4999999999999998E-3,0.44249999999999995,8.8169491525423735E-2,26.01]
["7119161430",1223,"PC","Socket housing 6p Black","DE",1E-4,0.12230000000000001,1.2796402289452167E-2,15.65]
["7119629340",1023,"PC","Connector 6p MQS Gray","HU",8.0000000000000002E-3,8.1840000000000011,4.2209188660801561E-2,43.18]
["7119630330",355,"PC","MQS Connector 44-pin BK","HU",1.2699999999999999E-2,4.5084999999999997,0.10999999999999999,39.049999999999997]
["7119657530",1229,"PC","SOCKET HSG. 4 POS.","BE",5.9999999999999993E-3,7.3739999999999988,2.4206672091131001E-2,29.75]
["7119665430",254,"PC","13 POS MQS MCP4.8 REC HOUSING","CH",4.8999999999999998E-3,1.2445999999999999,0.1425984251968504,36.22]
["7157303770",200000,"PC","Single Wire Seal Yellow","DE",5.9999999999999995E-4,119.99999999999999,4.6100000000000004E-3,922]
["7171871130",96,"PC","FL HLDR UP CVR LHD","JP",8.8709999999999983E-2,8.5161599999999993,1.0471874999999999,100.53]
["7172555250",10000,"PC","Seal Orange","DE",1.2199999999999999E-3,12.2,5.1999999999999998E-3,52]
["7174093130",500,"PC","Box Cover Black","DE",8.2330000000000007E-3,4.1165000000000003,0.29508000000000001,147.54]
["7174176130",1121,"PC","REC CONN CVR, 6 POS, HYBRID","DE",1.6000000000000001E-3,1.7936000000000001,2.3086529884032113E-2,25.88]
["7174201430",1000,"PC","PROTECTION COVER, NANO MQS","MA",8.0000000000000002E-3,8,0.11579,115.79]
["7176827230",1200,"PC","Channel","PL",1.4999999999999999E-2,18,0.17750833333333332,213.01]
["71890166",368,"PC","Connector 4p MPQ Natural","CH",4.0000000000000001E-3,1.472,4.5217391304347827E-2,16.64]
["7189017390",863,"PC","Connector 27p MPQ+MQS+PQ Blue","HU",3.3610000000000003E-3,2.9005430000000003,3.9038238702201619E-2,33.69]
["7197661930",1300,"PC","TB PLUG HOUSING SLK 5.8 ELA","DE",7.2000000000000007E-3,9.3600000000000012,0.16226153846153846,210.94]
["7219112430",550,"PC","Connector 2p MQS Black","DE",2.9999999999999996E-3,1.6499999999999997,0.10265454545454546,56.46]
["7225604430",456,"PC","TABLE INSULATION FOR JOINT CONNECTOR ,BL","RO",4.7000000000000002E-3,2.1432000000000002,2.9429824561403507E-2,13.42]
["72275791",1600,"PC","MAXIVALE FUSE ZN-AG","PT",6.3E-3,10.08,0.18891249999999998,302.26]
["7271221030",450,"PC","1P FUSE HOLDER HHN SUBASSEMBLY","BE",2.052E-2,9.234,5.8321333333333332,2624.46]
["7272602330",1176,"PC","Single Wire Seal Black","DE",2.8199999999999996E-3,3.3163199999999997,0.20842687074829933,245.11]
["7274011930",165,"PC","Connector (OH) 42p MQS Black","CZ",1.0100000000000001E-2,1.6665000000000003,0.13327272727272726,21.99]
["7274154890",153,"PC","MQS COVER LEFT SIDE CABLE OUTLET","HU",7.7999999999999996E-3,1.1934,0.19549019607843138,29.91]
["7274201030",32,"PC","Routing Cover Black","CH",1.7999999999999999E-2,0.57599999999999996,0.37281249999999999,11.93]
["7274235390",150,"PC","COVER 181 POS. ASSY","HU",5.2000000000000006E-3,0.78000000000000014,0.23219999999999999,34.83]
["727657523W",300,"PC","Channel Assembly","MA",1.21E-2,3.63,0.61540000000000006,184.62]
["7283935770",258,"PC","FEMALE CONNECTOR 2 WAYS YELLOW H=16.6,W=","CZ",3.7999999999999996E-3,0.98039999999999994,0.14744186046511629,38.04]
["7288458130",198,"PC","HOUSING 4 POL.","MA",6.0999999999999995E-3,1.2078,0.92020202020202013,182.2]
["7289277430",568,"PC","Connector 16p MLK Black","AT",1.0199999999999999E-2,5.7935999999999996,0.53785211267605637,305.5]
["7289283930",99,"PC","Connector 4p LSK+SLK Black","DE",2.0800000000000003E-2,2.0592000000000001,0.43222222222222223,42.79]
["7297693130",150,"PC","26 WAY PIN CONTACT HOUSING","AT",3.7799999999999993E-2,5.669999999999999,0.34366666666666662,51.55]
["7298327930",1004,"PC","Connector 3p MCON+MLK Black","AT",2.9999999999999996E-3,3.0119999999999996,8.5756972111553781E-2,86.1]
["7298331360",88,"PC","SOCKET HOUSING MCP 2.8/6.3 9 POL","SK",1.372E-2,1.20736,0.28693181818181818,25.25]
["7298593870",205,"PC","TB SOCKET HOUSING 6 POL 2 REIHIG MLK 1.2","MA",6.4999999999999997E-3,1.3325,0.36073170731707316,73.95]
["72986632",204,"PC","TB SOCKET HOUSING 12 POL MCP 2.8","IT",1.15E-2,2.3460000000000001,0.20137254901960783,41.08]
["732767433W",2160,"PC","Fuse Terminal Assembly","PT",1.91E-3,4.1256000000000004,4.2654027777777781,9213.27]
["732767723W",200,"PC","Fuse Terminal Assembly","PT",1.91E-3,0.38200000000000001,5.0773000000000001,1015.46]
["74752578",400,"PC","1A - PLANCHE DE BORD DAG L1460","PT",3.5000000000000003E-2,14.000000000000002,1.4686750000000002,587.47]
["X1PO0777",485,"PC","Tape Clip","DE",2.1000000000000003E-3,1.0185000000000002,0.13882474226804123,67.33]
["X1PO1A52",880,"PC","Channel","PL",2E-3,1.76,1.2989999999999999,1143.1199999999999]
[null,null,null,null,null,null,null,null,19779.310000000001]
[]
[]
[]
[]
[null,null,null,null,null,null,"Gross Weight (KG) ",null,813.35871999999995]
[null,null,null,null,null,null,"Net Weight (KG) ",null,465.19871999999998]
[null,null,null,null,null,null,"Volume",null,"19P"]